Filmy Disneya według kadrów #1 - Statystyki

Ogólne statystyki
  • Ten quiz został rozwiązany 139 razy
  • Średni wynik to 19 z 20
Statystyki odpowiedzi
Hint Odpowiedź % Poprawnych
Piękna i Bestia
99%
Kraina Lodu
99%
101 dalmatyńczyków
97%
Aladyn
97%
Król lew
97%
Bambi
96%
Mała syrenka
96%
Herkules
95%
Kopciuszek
94%
Księga dżungli
94%
Pinokio
94%
Zaplątani
94%
Piotruś Pan
94%
Dumbo
93%
Zakochany kundel
93%
Vaiana
93%
Pocahontas
90%
Mulan
86%
Nasze magiczne Encanto
83%
Księżniczka i żaba
81%
Nie znaleziono quizów pasujących do podanych kryteriów
Rozkład punktacji
Procent ludzi z każdym wynikiem
Percentyl według liczby udzielonych odpowiedzi
Twoja historia wyników
Nie rozwiązałeś tego quizu